00324nam a2200109Ia 4500008004100000082000800041100001800049245003100067942000600098952009500104999001500199240331s9999 xx 000 0 und d bROB aRoberts, J. L 0aAbsalom, Absalom! :bnotes cL 001040708LaWERCLbWERCLcSSCd2024-03-31l0o 820 ROBp4034r2024-03-31w2024-03-31yL c3197d3197